Statistics for Oliver & Company Characters Quiz

Click here to take the quiz!

General Stats

  • This quiz has been taken 58 times
  • The average score is 9 of 14

Answer Stats

DescriptionCharacter% Correct
An orange orphaned kitten who is looking for a homeOliver
100%
A charming, mischievous Jack Russell TerrierDodger
88%
A lowly thief who lives on a barge with his dogsFagin
78%
A tiny yet brave Chihuahua in Fagin's gangTito
78%
A bulldog with a British accent in Fagin's gangFrancis
68%
A considerate, rich girl who takes care of OliverJennifer "Jenny" Foxworth
68%
An Afghan Hound and the only female dog in Fagin's gangRita
66%
A mean-spirited, savage loan-shark and shipyard agent who lent a considerable sum of money to Fagin and expects it paid backSykes
63%
Another one of Sykes's violent Doberman Pinschers who have a volatile history with Dodger and his friendsDeSoto
59%
The Foxworth family's show-winning poodle, who, being vain and spoiled, becomes jealous of Oliver but eventually accepts him and Fagin's gangGeorgette
59%
One of Sykes's violent Doberman Pinschers who have a volatile history with Dodger and his friendsRoscoe
56%
A gray Great Dane and a member of Fagin's gangEinstein
54%
The Foxworth family's bumbling but loyal butlerWinston
54%
An aggressive hot dog vendor who appears early in the film when Oliver and Dodger steal his hot dogsLouie
41%

Score Distribution

Percentile by Number Answered

Percent of People with Each Score

Your Score History

You have not taken this quiz